Lectures in abstract algebra

Αποθηκεύτηκε σε:
Λεπτομέρειες βιβλιογραφικής εγγραφής
Κύριος συγγραφέας: Jacobson, Nathan, 1910-1999
Μορφή: Βιβλίο
Γλώσσα:English
Δημοσίευση: New York : Van Nostrand, 1951-1964.
Σειρά:University series in higher mathematics
Θέματα:
Ετικέτες: Προσθήκη ετικέτας
Δεν υπάρχουν, Καταχωρήστε ετικέτα πρώτοι!

MARC

LEADER 00000cam a2200000 i 4500
001 1/9083
008 100709m19511964us eng d
035 |l 10108501 
040 |a GR-MY-UA  |b gre  |e aacr 
041 0 |a eng 
082 0 |a 512.02   |2 (22) 
100 1 |a Jacobson, Nathan,   |d 1910-1999. 
245 1 0 |a Lectures in abstract algebra /   |c by Nathan Jacobson.  
260 |a New York :   |b Van Nostrand,   |c 1951-1964.  
300 |a 3τ. (xii, 217, xii, 280, xi, 323 σ.) :   |b εικ. ;  |c 23 εκ. 
490 1 |a (University series in higher mathematics)  
504 |a Περιέχει ευρετήριο 
505 8 |a Τ.1. Basic concepts 
505 8 |a Τ.2. Linear algebra 
505 0 |a Τ.3. Theory of fields and Galois theory 
650 0 0 |a Algebra, Abstract. 
740 0 |a Basic concepts 
740 0 |a Linear algebra 
740 0 2 |a Theory of fields and Galois theory 
830 0 |a University series in higher mathematics 
852 |a INST  |b SAMOS  |c MAG  |e 20100709  |h 512.02 JAC  |p 005300031563  |q 005300031563  |t BK  |v τ.3:  |y 0  |z τ.3 
852 |a INST  |b SAMOS  |c MAG  |e 20150910  |h 512.02 JAC  |p 005300035958  |q 005300035958  |t BK  |v τ.2:  |y 0 
852 |a INST  |b SAMOS  |c MAG  |e 20151005  |h 512.02 JAC  |p 005300042960  |q 005300042960  |t BK  |v τ.1:  |y 0 
853 |a INST  |b SAMOS  |c MAG  |h 512.02 JAC 
901 |a BIBL3-2010-2 
909 |a Σ  |b 162628 
970 |a ΣΙΤΖΙΜΗ  |b ΓΙΑΣΕΜΗ  |z 2010/07/09